| 000 | 00560nam a2200169Ia 4500 | ||
|---|---|---|---|
| 008 | 090711s9999 xx 000 0 und d | ||
| 082 | _b33728 | ||
| 100 | _aशिरवाडकर वसंत | ||
| 245 | _aग्रह आणि आग्रह | ||
| 260 |
_bअभिनव प्रकाशन _c1976 |
||
| 300 | _a148 | ||
| 600 | _aशिरवाडकर वसंत | ||
| 630 | _aग्रह आणि आग्रह | ||
| 700 | _aशिरवाडकर वसंत | ||
| 730 | _aग्रह आणि आग्रह | ||
| 942 | _cBOOK | ||
| 999 |
_c329423 _d329423 |
||